1634 1388 1309 1875 1632 1192 1240 1359 1729 1833 1878 1792 1791 1124 1058 1540 1802 1703 1001 1116 1589 1261 1371 1422 1830 1824 1946 1032 1879 1644 1421 1630 1112 1334 1910 1747 1758 1327 1629 1229 1002 1165 1670 1685 1354 1486 1514 1998 1448 1740 1781 1856 1495 1669 1931 1583 1952 1883 1946 1169 1897 1074 1771 1036 1403 1576 1263 1723 1613 1884 1288 1478 1214 1861 1928 1459 1687 1235 1606 1677 1048 1192 1683 1070 1305 1841 1420 1835 1678 1794 1726 1430 1787 1870 1937 1401 1799 1297 1508 BCNSPRNW ULIB Ver.6.0+V

เปลี่ยนเป็นภาษาไทย

Change to English
 แสดงรายละเอียดบรรณานุกรม
  กลับหน้าหลัก

Brief Record : Get Marc (ISO 2709) : E-mail record : QR code < ปิดหน้าต่าง
LEADER : 00000nam 2200000uu 4500
001    13399112630
003     ULIB
008    110829s2549||||th 000 0 tha d
020    9748812553
020    978974812557
050  4 HV1593^bว841ส 2549
100 0  วีระศักดิ์ จันทร์ส่งแสง
245 10 เสียงจากโลกเงียบ :^bมือสื่อภาษา ตาสื่อใจ /^cวีระศักดิ์ จันทร์ส่งแสง
250    พิมพ์ครั้งที่ 1
260    นนทบุรี :^bแผนงานสร้างเสริมสุขภาพคนพิการในสังคมไทย,^c2549
300    148 หน้า :^bภาพประกอบ ;^c19 ซม.
440  0 สารคดีชุดประสบการณ์ชีวิตคนพิการ ;^vลำดับที่ 2
650  4 คนหูหนวก^vรวมเรื่อง
653    Open Your Eyes Project
945    ^p100^l0^i020698
995    ทศพร
999 ^a ทศพร
รายการนี้ยังไม่มีแท็ก
คุณยังไม่ได้ล็อกอิน คุณสามารถมีกิจกรรมร่วมกับเว็บไซต์ได้ แต่ต้องล็อกอินก่อน ::
  ล็อกอิน

รายการสื่อสารสนเทศ

ลำดับที่ ประเภท เลขเรียก/บาร์โค้ด สถานที่ สถานะ
- ไม่พบข้อมูล -

รายการใกล้เคียง
    ผู้แต่ง [วีระศักดิ์ จันทร์ส่งแสง]

BibComment


ยังไม่เคยถูกคอมเมนท์

คอมเมนท์ทรัพยากรรายการนี้
  คอมเมนท์: เสียงจากโลกเงียบ ..


 Copyright 2026. Bcnsprnw @Library